Music Quiz

Random Music or Rock Quiz

8 to 1: Rock and Roll Hall of Fame Inductees Quiz Stats

 Plays Quiz Updated Jul 10, 2017

Support Sporcle.
Go Orange.
Score 0/36 Timer 06:00
0 Plays Today
% Correct
Mick Jagger
97.1%
Keith Richards
94.4%
Steve Miller
89.5%
Don Henley
87.3%
Jimmy Page
87.2%
Angus Young
87.2%
Robert Plant
86.7%
Glenn Frey
82.7%
Ronnie Wood
82.2%
Roger Waters
79.8%
Charlie Watts
79.3%
David Gilmour
78%
Bill Wyman
77.8%
John Bonham
77.3%
Joe Walsh
76.7%
Bon Scott
74.9%
Brian Jones
74.5%
Malcolm Young
74.3%
% Correct
John Paul Jones
73.2%
Brian Johnson
72.8%
Geddy Lee
69.8%
Don Felder
68.5%
Syd Barrett
65.9%
Mick Taylor
65.1%
Neil Peart
64.3%
Donald Fagen
58.6%
Randy Meisner
55.6%
Nick Mason
52.4%
Alex Lifeson
51.6%
Timothy B. Schmit
48.8%
Bernie Leadon
44.8%
Richard Wright
42.7%
Phil Rudd
41.8%
Walter Becker
41.1%
Ian Stewart
40.5%
Cliff Williams
39.8%

You're not logged in!

Compare scores with friends on all Sporcle quizzes.
OR
Log In
Forgot?

From the Vault

'With' or 'Without' Songs

by JoeBeta

Try not to get your headphones too tangled.
Remove Ads.
Support Sporcle.
Get the best of Sporcle when you Go Orange. This ad-free experience offers more features, more stats, and more fun while also helping to support Sporcle. Thank you for becoming a member.

Show Comments

Extras

Top Quizzes Today


Score Distribution

Your Account Isn't Verified!

In order to create a playlist on Sporcle, you need to verify the email address you used during registration. Go to your Sporcle Settings to finish the process.

Report this User

Report this user for behavior that violates our Community Guidelines.

Details: